Плазменная переработка облученного реакторного графита; Современные техника и технологии; Т. 2

التفاصيل البيبلوغرافية
Parent link:Современные техника и технологии: сборник трудов XXI международной научной конференции студентов, аспирантов и молодых ученых, Томск, 5-9 октября 2015 г./ Национальный исследовательский Томский политехнический университет (ТПУ).— , 2015
Т. 2.— 2015.— [С. 110-112]
المؤلف الرئيسي: Беспала Е. В. Евгений Владимирович
مؤلف مشترك: Национальный исследовательский Томский политехнический университет
مؤلفون آخرون: Павлюк А. О. Александр Олегович (научный руководитель), Ушаков И. А. Иван Алексеевич, Мышкин В. Ф. Вячеслав Фёдорович
الملخص:Заглавие с титульного экрана
В работе показана возможность плазменной переработки облученного реакторного графита уран-графитовых реакторов. Предложен способ организации процесса разделения ядерного графита и радиоактивных технологических примесей путем конденсации при различных температурах. Рассчитан равновесный состав плазмообразующего газа для очистки углерода от примесных радионуклидов с помощью термодинамического моделирования.
The possibility of plasma processing of irradiated graphite sleeves uranium-graphite reactors is shown. The experimental setup for the separation of nuclear and radioactive graphite process impurities by organizing the deposition process at different temperatures is proposed. Equilibrium composition of the plasma forming gas for cleaning of carbon from impurity radionuclides is calculated by thermodynamic modeling.
اللغة:الروسية
منشور في: 2015
سلاسل:Физические методы в науке и технике
الموضوعات:
الوصول للمادة أونلاين:http://earchive.tpu.ru/handle/11683/22047
http://www.lib.tpu.ru/fulltext/c/2015/C01/V2/032.pdf
التنسيق: الكتروني فصل الكتاب
KOHA link:https://koha.lib.tpu.ru/cgi-bin/koha/opac-detail.pl?biblionumber=615226

MARC

LEADER 00000naa2a2200000 4500
001 615226
005 20250513153646.0
035 |a (RuTPU)RU\TPU\conf\13425 
035 |a RU\TPU\conf\13422 
090 |a 615226 
100 |a 20151030d2015 k y0rusy50 ca 
101 0 |a rus 
102 |a RU 
105 |a y z 101zy 
135 |a drgn ---uucaa 
181 0 |a i  
182 0 |a b 
200 1 |a Плазменная переработка облученного реакторного графита  |d Treatment of irradiated reactor graphite in plasma  |f Е. В. Беспала, А. О. Павлюк, И. А. Ушаков  |g науч. рук. В. Ф. Мышкин 
203 |a Текст  |c электронный 
225 1 |a Физические методы в науке и технике 
300 |a Заглавие с титульного экрана 
320 |a [Библиогр.: с. 112 (6 назв.)] 
330 |a В работе показана возможность плазменной переработки облученного реакторного графита уран-графитовых реакторов. Предложен способ организации процесса разделения ядерного графита и радиоактивных технологических примесей путем конденсации при различных температурах. Рассчитан равновесный состав плазмообразующего газа для очистки углерода от примесных радионуклидов с помощью термодинамического моделирования. 
330 |a The possibility of plasma processing of irradiated graphite sleeves uranium-graphite reactors is shown. The experimental setup for the separation of nuclear and radioactive graphite process impurities by organizing the deposition process at different temperatures is proposed. Equilibrium composition of the plasma forming gas for cleaning of carbon from impurity radionuclides is calculated by thermodynamic modeling. 
337 |a Adobe Reader 
461 1 |0 (RuTPU)RU\TPU\conf\13102  |t Современные техника и технологии  |o сборник трудов XXI международной научной конференции студентов, аспирантов и молодых ученых, Томск, 5-9 октября 2015 г.  |o в 2 т.  |f Национальный исследовательский Томский политехнический университет (ТПУ)  |d 2015 
463 0 |0 (RuTPU)RU\TPU\conf\13105  |t Т. 2  |f под ред. А. М. Малышенко [и др.]  |v [С. 110-112]  |d 2015 
510 1 |a Treatment of irradiated reactor graphite in plasma  |z eng 
610 1 |a труды учёных ТПУ 
610 1 |a электронный ресурс 
610 1 |a плазменная переработка 
610 1 |a графит 
610 1 |a облученный графит 
610 1 |a реакторный графит 
700 1 |a Беспала  |b Е. В.  |c инженер-физик  |c доцент Томского политехнического университета, кандидат физико-математических наук  |f 1990-  |g Евгений Владимирович  |9 23116 
701 1 |a Павлюк  |b А. О.  |c специалист в области ядерных технологий  |c начальник проектного офиса Томского политехнического университета, кандидат физико-математических наук  |f 1976-  |g Александр Олегович  |3 (RuTPU)RU\TPU\pers\47561  |9 23057 
701 1 |a Ушаков  |b И. А.  |c физик  |c инженер Томского политехнического университета  |f 1991-  |g Иван Алексеевич  |3 (RuTPU)RU\TPU\pers\34915 
702 1 |a Мышкин  |b В. Ф.  |c физик  |c профессор Томского политехнического университета, доктор физико-математических наук  |f 1962-  |g Вячеслав Фёдорович  |4 727 
712 0 2 |a Национальный исследовательский Томский политехнический университет  |c (2009- )  |9 26305 
801 2 |a RU  |b 63413507  |c 20230427  |g RCR 
850 |a 63413507 
856 4 |u http://earchive.tpu.ru/handle/11683/22047 
856 4 |u http://www.lib.tpu.ru/fulltext/c/2015/C01/V2/032.pdf 
942 |c BK